La filosofía de "El Capital" en el centenario de Marx (Registro nro. 24548)

Detalles MARC
000 -LEADER
fixed length control field 00347 a2200109 4500
001 - CONTROL NUMBER
control field ART_9313
005 - DATE AND TIME OF LATEST TRANSACTION
control field 20260410161846.0
008 - FIXED-LENGTH DATA ELEMENTS--GENERAL INFORMATION
fixed length control field 260409a
100 1# - MAIN ENTRY--PERSONAL NAME
Personal name Roces, Wenceslao
245 10 - TITLE STATEMENT
Title La filosofía de "El Capital" en el centenario de Marx
773 0# - HOST ITEM ENTRY
Title El trimestre económico
Related parts - Vol. L, Nº 200 (oct./dic. 1983)
Record control number REV6933

No hay ítems disponibles.